000 01131nam a2200253 i 4500
001 bg
245 1 0 _aZarządzanie zorientowane na klienta :
_bwybór prac wykonanych w Zakładzie Systemów Zapewniania Jakości Wydziału Inżynierii Produkcji Politechniki Warszawskiej /
_cpod kier. Jana Bagińskiego.
260 _aWarszawa :
_bOficyna Wydawnicza Politechniki Warszawskiej,
_c2002.
300 _a159 s. :
_bil. ;
_c24 cm.
490 1 _aPrace Naukowe. Organizacja i Zarządzanie Przemysłem / Politechnika Warszawska,
_x0860-2506 ;
_vz. 14
500 _aStreszcz ang. przy pracach.
504 _aBibliogr. przy pracach.
650 9 _aZarządzanie
_xzagadnienia
650 9 _aZarządzanie jakością
_xzagadnienia
650 9 _aInnowacje
_xzagadnienia
700 1 _aBAGIŃSKI, Jan.
_eRed.
710 0 _aPolitechnika Warszawska
_bWydział Inżynierii Produkcji
_bZakład Systemów Zapewniania Jakości
830 0 _aPrace Naukowe. Organizacja i Zarządzanie Przemysłem (Politechnika Warszawska) ;
_vz. 14
040 _cBPK
041 0 _apl
_ben
080 _a65.01
942 _cKS
008 s pl f |000 0 pol
999 _c42061
_d42061
856 _uhttp://koha.tu.koszalin.pl/cgi-bin/koha/opac-detail.pl?biblionumber=42061
_yKatalog online BPK